Ekónomia elektronizácie a automatizácie
Salvato in:
| Autore principale: | |
|---|---|
| Altri autori: | , |
| Natura: | Libro |
| Lingua: | slovacco |
| Pubblicazione: |
Bratislava
Alfa
1990
|
| Edizione: | 1. vyd. |
| Tags: |
Nessun Tag, puoi essere il primo ad aggiungerne!!
|
MARC
| LEADER | 00000nam a2200000 4500 | ||
|---|---|---|---|
| 001 | c035646 | ||
| 005 | 20230116100542.9 | ||
| 020 | |a 80-05-00519-9 | ||
| 041 | 0 | |a slo | |
| 044 | |a SK | ||
| 245 | 1 | 0 | |a Ekónomia elektronizácie a automatizácie |c Anatolij Bracjun a kolektív |
| 250 | |a 1. vyd. | ||
| 264 | 1 | |a Bratislava |b Alfa |c 1990 | |
| 300 | |a 222 s. | ||
| 100 | 1 | |a Bracjun, Anatolij | |
| 700 | 1 | |a Dmitrenková, Zuzana | |
| 700 | 1 | |a Zajac, Jaroslav | |